| 000 | 00000nas 2200000za 4500 |
| 001 | 9.853476 |
| 003 | CaOODSP |
| 005 | 20241203113642 |
| 007 | cr ||||||||||| |
| 008 | 180313u19681971xxcuu m o f0###a0eng|d |
| 022 | |z0576-2324 |
| 040 | |aCaOODSP|beng |
| 043 | |an-cn--- |
| 086 | 1 |aM26-502E-PDF |
| 130 | 0 |aScientific series (Canada. Inland Waters Branch) |
| 245 | 00|aScientific series |h[electronic resource] / |cInland Waters Branch. |
| 260 | |aOttawa : |bInland Waters Branch, Dept. of Energy, Mines and Resources, |c[1968-1971] |
| 300 | |a7 v. |
| 362 | 0 |aNo. 1 (1968)-no. 7 (1971). |
| 692 | 07|2gccst|aRivers |
| 692 | 07|2gccst|aLakes |
| 710 | 1 |aCanada. |bEnvironment Canada. |
| 710 | 1 |aCanada. |bInland Waters Branch. |
| 785 | 00|tScientific series |w(CaOODSP)9.823618 |